Art and copyright (Record no. 101526)

MARC details
000 -LEADER
fixed length control field 00787cam a2200217 4500
001 - CONTROL NUMBER
control field ##L113517
008 - FIXED-LENGTH DATA ELEMENTS--GENERAL INFORMATION
fixed length control field 000000n2001 000 0 eng u
020 ## - INTERNATIONAL STANDARD BOOK NUMBER
International Standard Book Number 184113225X
035 ## - SYSTEM CONTROL NUMBER
System control number (Sirsi) u113517
050 04 - LIBRARY OF CONGRESS CALL NUMBER
Classification number 346.410482 $2 18
100 1# - MAIN ENTRY--PERSONAL NAME
Personal name Stokes, Simon
245 ## - TITLE STATEMENT
Title Art and copyright
260 ## - PUBLICATION, DISTRIBUTION, ETC.
Place of publication, distribution, etc. Oxford
Name of publisher, distributor, etc. Hart Publishing
Date of publication, distribution, etc. 2001
300 ## - PHYSICAL DESCRIPTION
Extent xxxi, 184p.
Dimensions 22cm.
350 ## - PRICE (NR) (BK AM CF MU VM SE) [OBSOLETE]
Price 25
520 ## - SUMMARY, ETC.
Summary, etc. Examines the intellectual property rights protecting works of art and artists' rights in the UK, as well as the implications of the likely introduction of Droit de Suite (artist's resale rights) by the European Union and the development of the internet.
650 24 - SUBJECT ADDED ENTRY--TOPICAL TERM
Topical term or geographic name entry element DIRECTIVE 2001/84/EC
651 #4 - SUBJECT ADDED ENTRY--GEOGRAPHIC NAME
Geographic name United Kingdom
Chronological subdivision
690 ## - LOCAL SUBJECT ADDED ENTRY--TOPICAL TERM (OCLC, RLIN)
Topical term or geographic name as entry element Arts and antiques
9 (RLIN) 6217
942 ## - ADDED ENTRY ELEMENTS (KOHA)
Suppress in OPAC 0
Holdings
Withdrawn status Lost status Source of classification or shelving scheme Damaged status Not for loan Home library Current library Shelving location Date acquired Cost, normal purchase price Total Checkouts Full call number Barcode Date last seen Date last checked out Copy number Cost, replacement price Price effective from Koha item type
    Dewey Decimal Classification     London London Books 20/07/2001 25.00 3 346.410482 STO 30064642 06/08/2019 27/02/2002 1 25.00 06/08/2019 Book